World's Richest People by Country - Statistics

General Stats
  • This quiz has been taken 314 times
    251 since last reset
  • The average score is 12 of 15
Answer Stats
Country Net Worth World Rank Answer % Correct
Bill Gates $76 Billion 1 United States
100%
Li Ka-shing $31 Billion 20 China
95%
Carlos Slim $72 Billion 2 Mexico
91%
Karl Albrecht $25 Billion 24 Germany
90%
Masayoshi Son $18.4 Billion 42 Japan
90%
Liliane Bettencourt $34.5 Billion 11 France
88%
Alsher Usmanov $18.6 Billion 40 Russia
88%
Amancio Ortega $64 Billion 3 Spain
85%
Michele Ferrero $26.5 Billion 22 Italy
81%
Prince Alwaleed Bin Talal Alsaud $20.4 Billion 30 Saudi Arabia
81%
David Thomson $22.6 Billion 26 Canada
80%
Mukesh Ambani $18.6 Billion 40 India
76%
Stefan Persson $34.4 Billion 12 Sweden
75%
Jorge Paulo Lemann $19.7 Billion 34 Brazil
72%
Aliko Dangote $25 Billion 23 Nigeria
35%
No matching quizzes found
Score Distribution
Percent of People with Each Score
Percentile by Number Answered
Your Score History
You have not taken this quiz since the last reset